مختبرات علم الأحياء استخدام الحيوانات في المختبر / (Record no. 1075)

MARC details
000 -LEADER
fixed length control field 00629nam a22001937a 4500
005 - DATE AND TIME OF LATEST TRANSACTION
control field 20251108164010.0
008 - FIXED-LENGTH DATA ELEMENTS--GENERAL INFORMATION
fixed length control field 250721s2009 xx 000 0 ara d
020 ## - INTERNATIONAL STANDARD BOOK NUMBER
International Standard Book Number 9789957051846
082 14 - DEWEY DECIMAL CLASSIFICATION NUMBER
Classification number 619/حمو
100 1# - MAIN ENTRY--PERSONAL NAME
Personal name الحمود، محمد حسين
Relator term مؤلف
245 10 - TITLE STATEMENT
Title مختبرات علم الأحياء استخدام الحيوانات في المختبر /
264 1# - PRODUCTION, PUBLICATION, DISTRIBUTION, MANUFACTURE, AND COPYRIGHT NOTICE
Place of production, publication, distribution, manufacture عمان :
Name of producer, publisher, distributor, manufacturer دار الضياء للنشر والتوزيع،
Date of production, publication, distribution, manufacture, or copyright notice 2009.
300 ## - PHYSICAL DESCRIPTION
Extent 764ص.
650 17 - SUBJECT ADDED ENTRY--TOPICAL TERM
Topical term or geographic name as entry element علم الاحياا
650 17 - SUBJECT ADDED ENTRY--TOPICAL TERM
Topical term or geographic name as entry element المختبرات
650 17 - SUBJECT ADDED ENTRY--TOPICAL TERM
Topical term or geographic name as entry element الطب التحريبي
942 ## - ADDED ENTRY ELEMENTS (KOHA)
Source of classification or shelving scheme Dewey Decimal Classification
Koha item type Books
Holdings
حالة السحب حالة الفقدان مصدر التصنيف حالة التلف غير قابل للإعارة المكتبة الرئيسية المكتبة الحالية موقع الرف تاريخ التزويد الرقم المتسلسل Total Checkouts رقم الإستدعاء الباركود تاريخ آخر ظهور تاريخ الفاتورة نوع المادة (كوها)
    Dewey Decimal Classification     المكتبة المركزية المكتبة المركزية الإعارة 28/07/2025 1264645   619/حمو PLD00075711 28/07/2025 28/07/2025 Books
    Dewey Decimal Classification     المكتبة المركزية المكتبة المركزية الإعارة 05/03/2009 1264641   619/حمو PLD00076079 28/07/2025 05/03/2009 Books
    Dewey Decimal Classification     المكتبة المركزية المكتبة المركزية الإعارة 05/03/2009 1264642   619/حمو PLD00076076 28/07/2025 05/03/2009 Books
    Dewey Decimal Classification     مكتبة وادي السير العامة مكتبة وادي السير العامة الإعارة 05/03/2009 1264644   619/حمو PLD00076077 28/07/2025 05/03/2009 Books
Implemented & Customized by: BBB with SCIT (Smart Chains for Information Technology)

Powered by Koha